000 00711nam a22002177a 4500
003 UA-OsUOA
001 103514
007 ta
008 20131030b un ||||| |||| 00| 0 ukr d
100 _aКирильчук О.
090 _a82
_bК43
942 _cSA
040 _aUA-OsUOA
_bukr
_cUA-OsUOA
_dUA-OsUOA
245 _aТериторія уявного: репрезентація історичного минулого в польській та українській балетристиці кінця ХІХ століття
300 _aС.14-23
955 _a0
041 _aukr
080 _a82
773 0 _w103512
650 7 _a82 Література. Літературознавство
_2UDC
999 _c390524
_d390524